Princess DisGrace: first term at Tall Towers (Record no. 127787)

MARC details
000 -LÍDER
campo de controle de tamanho fixo 00891 a2200217 4500
001 - NÚMERO DE CONTROLE
campo de controle 127787
020 ## - ISBN - INTERNATIONAL STANDARD BOOK NUMBER
ISBN - International Standard Book Number 9781407136288
040 ## - FONTE DA CATALOGAÇÃO
Instituição que transcreveu o registro Escola Canadense de Niteroi
090 ## - NÚMERO DE CHAMADA LOCAL
Número de chamada (OCLC) (R); Número de chamada, CALL (RLIN) (NR) KUE
100 ## - ENTRADA PRINCIPAL--NOME PESSOAL
Nome pessoal Kuenzler, Lou
245 10 - TÍTULO
Título Princess DisGrace: first term at Tall Towers
300 ## - DESCRIÇÃO FÍSICA
Extensão 240 p.
Dimensões 3 x 0.83 x 8.5 inches (paperback)
362 0# - DATAS DE PUBLICAÇÃO E/OU DESIGNAÇÃO SEQUENCIAL
Datas de publicação e/ou designação sequencial 2014
490 0# - TÍTULO DA SÉRIE
Título da série Princess Disgrace
520 ## - NOTA DE RESUMO, ETC
Resumo, etc. Princess Grace is anything but graceful. Her clumsiness gets her in all sorts of trouble. But now Grace is starting at Tall Towers Princess School - she can learn to be a proper princess at last! At her new school she must make new friends and learn the rules. Most importantly, she must pass her first test: she must learn to train her unicorn.
650 #4 - ASSUNTO--TERMO TÓPICO
Cabeçalho tópico ou nome geográfico Juvenile Literature
650 #4 - ASSUNTO--TERMO TÓPICO
Cabeçalho tópico ou nome geográfico Humorous stories
650 #4 - ASSUNTO--TERMO TÓPICO
Cabeçalho tópico ou nome geográfico Kingdoms
650 #4 - ASSUNTO--TERMO TÓPICO
Cabeçalho tópico ou nome geográfico Princesses and Princes
942 ## - ELEMENTOS DE ENTRADA ADICIONADOS (KOHA)
Tipo de material Koha Livros
Holdings
Situação do descarte Situação das perdas Situação física Não pode ser emprestado Biblioteca de origem Biblioteca atual Data de aquisição Total de empréstimos Número de chamada completo Código de barras Data de último acesso Data do preço efetivo Tipo de material Koha
        Canadian School of Niterói - Piratininga Canadian School of Niterói - Piratininga 09/02/2024   KUE A29492 09/02/2024 09/02/2024 Livros